000
00283nam a22001337a 4500
008
180919b xxu||||| |||| 00| 0 eng d
020
_a
9781583913291
041
_a
eng
080
_a
610
100
_a
4
101
_a
SHM
245
_a
Doing Better
_c
Kottler, J.A
942
_2
udc
_c
BK
999
_c
48041
_d
48041